000
00222 a2200097 4500
001
40974
100
_a
Muslim
245
_a
Al Sahee ul Muslim (Vol-II)
260
_a
Karachi
_b
Kadeemi Kutab Khana
_c
090
_c
25210
_d
25210
942
_a
NUST-CAE
_c
M
_c
16904
999
_c
276047
_d
276047